| 000 | 00959nam0a2200265 i 4500 | ||
|---|---|---|---|
| 001 | RU\NLR\BIBL_A\010569917 | ||
| 005 | 20260405220316.0 | ||
| 010 |
_a9785000531952 _91000 |
||
| 021 |
_aRU _b2014-82003 _94991 |
||
| 035 | _a(NLR Aleph) 010569917 | ||
| 090 |
_a10420006 _c10420006 |
||
| 100 | _a20141219d2014 u y0rusy50 ca | ||
| 101 | 0 | _arus | |
| 102 | _aRU | ||
| 105 | _aa|||z|||000yy | ||
| 200 | 1 |
_aУчение о пустоте _eпрактика вьетнамского боевого искусства _fИгорь Михневич |
|
| 210 |
_aМосква _cАмрита-Русь _d2014 |
||
| 215 |
_a252, [3] с. _cил. _d21 |
||
| 606 |
_aТам Куи Кхи-конг _92619631 _3RU\NLR\AUTH\661556191 |
||
| 686 | 1 | _aЦ4,8(5В)361.12 | |
| 700 | 1 |
_8rus _7ca _aМихневич _bИ. О. _f1965- _gИгорь Олегович _3RU\NLR\AUTH\7798725 _981651 |
|
| 942 | _cBOOK | ||
| 980 | _aNBR | ||